[Event "TCh-BIH Prem"]
[Site "Neum BIH"]
[Date "2005.06.08"]
[Round "5"]
[White "Jankovic,A"]
[Black "Atalik,S"]
[Result "1/2-1/2"]
[WhiteElo "2480"]
[BlackElo "2561"]

1.d4 Nf6 2.c4 e6 3.Nf3 b6 4.a3 Bb7 5.Nc3 d5 6.cxd5 Nxd5 7.Qc2 Nxc3 8.bxc3 c5
9.e4 Nd7 10.Bf4 cxd4 11.cxd4 Rc8 12.Qb1 Be7 13.Bd3 O-O 14.O-O Nf6 15.Bd2 h6
16.a4 Nh7 17.a5 Ng5 18.Nxg5 Bxg5 19.Bxg5 hxg5 20.axb6 Qxb6 21.Qxb6 axb6 22.Rab1 Rc6
23.e5 Rc3 24.Be2 Rc2 25.Rfe1 Rfc8 26.Kf1 Rd2 27.Rxb6 Be4 28.f3 Bg6 29.Rd1 Ra2
30.Rb3 Rcc2 31.Re3 Ra5 32.Ke1 Rb2 33.h3 Rb4 34.Rc3 Rb2 35.Rd2 Ra1+ 36.Bd1 Rbb1
37.Ke2 Kh7 38.Bc2 Rg1 39.Kf2 Raf1+ 40.Kg3 Bxc2 41.Rcxc2 Kg6 42.d5 exd5 43.Rxd5 Rc1
44.Rd6+ Kf5 45.Rcd2 Rge1 46.Kf2 Rf1+ 47.Kg3 Rfe1 48.Rd7 Ke6 49.R7d6+ Kf5
50.Rd7 Ke6 51.R2d5 Rc2 52.R7d6+ Ke7 53.Ra5 Ree2 54.Ra7+ Ke8 55.Ra8+ Ke7 56.Ra7+ Ke8
57.Ra8+  1/2-1/2

[Event "FSGM June"]
[Site "Budapest HUN"]
[Date "2005.06.09"]
[Round "6"]
[White "Werner,Di"]
[Black "Sachdev,T"]
[Result "1/2-1/2"]
[WhiteElo "2334"]
[BlackElo "2343"]

1.d4 Nf6 2.c4 e6 3.Nf3 b6 4.a3 Bb7 5.Nc3 d5 6.Bg5 Be7 7.e3 O-O 8.Bxf6 Bxf6
9.cxd5 exd5 10.Qb3 Re8 11.O-O-O c6 12.h4 Nd7 13.g4 g6 14.h5 Rc8 15.Kb1 Bg7
16.hxg6 hxg6 17.g5 Qe7 18.Rh4 Nf8 19.Bh3 Rcd8 20.Rh1 c5 21.Qd1 cxd4 22.exd4 Qd6
23.Bg4 Ba6 24.R1h3 f5 25.gxf6 Bxf6 26.Rh6 Bg7 27.R6h4 Bf6 28.Rh6 Bg7  1/2-1/2

[Event "TCh-BIH Prem"]
[Site "Neum BIH"]
[Date "2005.06.12"]
[Round "9"]
[White "Covic,D"]
[Black "Ilic,S2"]
[Result "1/2-1/2"]
[WhiteElo "2289"]
[BlackElo "2215"]

1.d4 Nf6 2.c4 e6 3.Nf3 b6 4.a3 Bb7 5.Nc3 Be7 6.e3 O-O 7.Bd3 d6 8.O-O Nbd7
9.b4 e5 10.d5 a5 11.Bb2  1/2-1/2

[Event "White Nights"]
[Site "St Petersburg RUS"]
[Date "2005.06.19"]
[Round "2"]
[White "Volodin,Alek"]
[Black "Rumiantseva,M"]
[Result "1-0"]
[WhiteElo "2147"]
[BlackElo "2019"]

1.d4 Nf6 2.c4 e6 3.Nf3 b6 4.a3 Ba6 5.Qc2 c5 6.e4 d5 7.Nc3 cxd4 8.Nxd4 Bc5
9.Nb3 d4 10.Nxc5 bxc5 11.Na4 Qc7 12.Bd3 e5 13.O-O O-O 14.b4 Nbd7 15.Bd2 Rfc8
16.Rac1 Ne8 17.Nb2 Nd6 18.b5 Bb7 19.f3 Rf8 20.a4 Rae8 21.Rce1 Qd8 22.a5 Qh4
23.Na4 a6 24.Rb1 Re6 25.Nb6 Nxb6 26.bxa6 Bxa6 27.Rxb6 Nc8 28.Rxe6 fxe6 29.Rb1 Qe7
30.Qa4 Qc7 31.Be1 Rd8 32.Rb3 Qd6 33.Qa3 Rd7 34.Qb2 Qc6 35.Rb8 Bb7 36.Bg3 Qc7
37.Bxe5 Qxe5 38.Rxb7 Qd6 39.a6 Rxb7 40.axb7 Nb6 41.Qb5 Kf7 42.g3 Qc7 43.Kg2 e5
44.b8=Q Qxb8 45.Qxc5 Nd7 46.Qd5+ Ke7 47.c5 Qc7 48.c6 Nf6 49.Qc5+ Ke8 50.f4 exf4
51.e5 Ng4 52.gxf4 Ne3+ 53.Kf3 g5 54.f5 g4+ 55.Ke4 Nxf5 56.Kxf5 Qf7+ 57.Ke4 Qf3+
58.Kxd4 Qf2+ 59.Kc4 Qa2+ 60.Kb4 Qb2+ 61.Ka5 Qd2+ 62.Kb6 Qxd3 63.c7 Qb3+ 64.Qb5+ Qxb5+
65.Kxb5  1-0

[Event "Torch Real Estate Cup"]
[Site "Xiapu CHN"]
[Date "2005.06.21"]
[Round "14"]
[White "Zhang Ziyang"]
[Black "Xu Hanbing"]
[Result "1/2-1/2"]
[WhiteElo "2209"]
[BlackElo "2290"]

1.d4 e6 2.c4 b6 3.Nf3 Nf6 4.a3 Ba6 5.Qc2 Bb7 6.Nc3 c5 7.dxc5 Bxc5 8.e3 O-O
9.Be2 Be7 10.O-O a6 11.Rd1 Qc7 12.Bd2 d6 13.b4 Nbd7 14.Rac1 Rac8 15.Qb1 Qb8
16.e4 Qa8 17.Bd3 Ng4 18.Bf4 Nge5 19.Nxe5 Nxe5 20.Bxe5 dxe5 21.Na4 Qa7 22.c5 bxc5
23.Nxc5 Bxc5 24.Rxc5 Rcd8 25.Bc2 Qb8 26.f3 g6 27.Rxd8 Rxd8 28.Qa1 Rd4 29.Qc3 h5
30.Qe3 Qd6 31.h3 Rd2 32.Qc3 h4 33.Rc7 Qd8 34.Qxe5 Rxc2 35.Rxb7 Ra2  1/2-1/2

[Event "19th Open Pula"]
[Site "Pula CRO"]
[Date "2005.06.22"]
[Round "5"]
[White "Jovanic,O"]
[Black "Savic,Miod1"]
[Result "1/2-1/2"]
[WhiteElo "2435"]
[BlackElo "2521"]

1.d4 Nf6 2.c4 e6 3.Nf3 b6 4.a3 Ba6 5.e3 Be7 6.Bd3 c5 7.O-O O-O 8.d5 exd5
9.cxd5 d6 10.Nc3 Bxd3 11.Qxd3 Nbd7 12.e4 a6 13.a4 Qc7 14.Bf4 Rfe8 15.h3 Bf8
16.Rfe1 c4 17.Qf1 Ne5 18.Bxe5 dxe5 19.Rec1 Rac8 20.Nd2 Bb4 21.Qe2 Qc5 22.Rc2 Rc7
23.Rac1 Rec8 24.Nf3 Re8 25.Na2  1/2-1/2

[Event "Torch Real Estate Cup"]
[Site "Xiapu CHN"]
[Date "2005.06.22"]
[Round "15"]
[White "Zhao Xue"]
[Black "Li Shilong"]
[Result "0-1"]
[WhiteElo "2478"]
[BlackElo "2515"]

1.d4 Nf6 2.c4 e6 3.Nf3 b6 4.a3 Bb7 5.Nc3 d5 6.cxd5 exd5 7.g3 Be7 8.Bg2 O-O
9.O-O Nbd7 10.Bf4 c5 11.Ne5 Re8 12.Rc1 Nf8 13.dxc5 Bxc5 14.Nd3 Ne6 15.e3 Bf8
16.Be5 Ne4 17.Nb4 N6c5 18.Bd4 Ne6 19.Be5 N6g5 20.Bf4 Bxb4 21.axb4 Ne6 22.Be5 f6
23.Bd4 Qe7 24.Nxe4 dxe4 25.Bc3 Ng5 26.Qb3+ Kh8 27.Rfd1 Rad8 28.Qc4 Bc8 29.h4 Nf3+
30.Bxf3 exf3 31.Rd4 h5 32.Rcd1 Bg4 33.Qd3 Rxd4 34.Qxd4 Qe6 35.Qd5 Qc8 36.Rd4 Kh7
37.Qf7 Rd8 38.Rxd8 Qxd8 39.Qc4 Qd1+ 40.Qf1 Qc2 41.Qe1 Bf5 42.Qd2 Qb1+ 43.Qe1 Qe4
44.Qf1 Be6 45.Bd4 Qc2 46.Qb5 Bg4 47.Qf1 Bf5 48.Bc3 Bd3 49.Qe1 Be2 50.Kh2 Qf5
51.Qc1 Bb5 52.Qd1 Bd7 53.Kg1 Ba4 54.Qe1 Bb5 55.Kh2 Bd3 56.Qd1 b5 57.Bd4 a6
58.Bc3 Kg8 59.Bd4 Kf7 60.Qc1 Bc4 61.Qe1 Be6 62.Kg1 g5 63.hxg5 fxg5 64.e4 Qh3
65.Qf1 Qg4 66.Qd3 h4 67.Be5 hxg3 68.fxg3 Bc4 69.Qe3 Kg6 70.Qb6+ Kh5 71.Qf6 f2+
72.Kxf2 Qe2+ 73.Kg1 Qxe4 74.Qh8+ Kg4 75.Qc8+ Kf3 76.Qf8+ Ke3 77.Qf2+ Kd3
78.Bc3 Bd5 79.Kf1 Qh1+ 80.Qg1 Qh3+  0-1

[Event "6th ch-EURw Qualification"]
[Site "Chisinau MDA"]
[Date "2005.06.24"]
[Round "1.2"]
[White "Cmilyte,V"]
[Black "Matnadze,A"]
[Result "0-1"]
[WhiteElo "2459"]
[BlackElo "2376"]

1.d4 Nf6 2.c4 e6 3.Nf3 b6 4.a3 Bb7 5.Nc3 g6 6.Qc2 Bg7 7.e4 O-O 8.Be2 d5 9.cxd5 exd5
10.e5 Ne4 11.Be3 c5 12.dxc5 Nxc5 13.O-O-O Nba6 14.Kb1 Rc8 15.h4 Ne4 16.Bd4 Nac5
17.Bd3 Qe7 18.h5 Ne6 19.hxg6 fxg6 20.Qa4 a6 21.Ne2 b5 22.Qb3 Nxd4 23.Nexd4 Nxf2
24.Rde1 Nxh1 25.Rxh1 Rf4 26.Re1 Re8 27.Nc2 Qc5 28.Nb4 Rc4 29.Bxc4 dxc4 30.Qc3 Bxf3
31.Qxf3 Rxe5 32.Rd1 Re8 33.Nd5 Qf8 34.Qg3 Qf5+ 35.Ka2 Qe5 36.Nc3 Qxg3  0-1

[Event "6th EICC"]
[Site "Warsaw POL"]
[Date "2005.06.25"]
[Round "7"]
[White "Riazantsev,A"]
[Black "Sulskis,S"]
[Result "1/2-1/2"]
[WhiteElo "2608"]
[BlackElo "2545"]

1.d4 Nf6 2.c4 e6 3.Nf3 b6 4.a3 Bb7 5.Nc3 d5 6.cxd5 Nxd5 7.Bd2 Be7 8.Qc2 O-O
9.e4 Nxc3 10.Bxc3 Nd7 11.Rd1 c5 12.dxc5 Qc7 13.cxb6 axb6 14.Bb5 Nc5 15.Rd4 Rfd8
16.O-O Rxd4 17.Bxd4 Bxe4 18.Qc3 Qf4 19.b4 Bxf3 20.bxc5 Bd5 21.cxb6 Rxa3 22.Qc8+ Bf8
23.Bc5 Ra8 24.b7 Rb8 25.Bc6 Bxc6 26.Qxc6 Qc4 27.Qc7 Rxb7 28.Qxb7 Qxc5 29.g3 h5
30.Ra1 Qe7 31.Qe4 g6 32.Ra8 Kh7 33.Ra5 Kg7 34.Rb5 Qd6 35.Kg2 Be7 36.Rb7 Bf6
37.Ra7 Bd4 38.Ra4 Bf6 39.Qb7 Bd4 40.Ra2 Qe5 41.Ra3 Qe2 42.Rf3 Bf6 43.h4 Qc4
44.Rf4 Qd3 45.Ra4 Bd4 46.Ra2 Qf5 47.Rd2 Qc5 48.Qe4 Bf6 49.Rd7 Be7 50.Qb7 Kf8
51.Qb8+ Kg7 52.Qb7 Kf8 53.Kg1 Qb4 54.Qa8+ Kg7 55.Qa1+ Kg8 56.Qe5 Qa3 57.Rb7 Qc1+
58.Kh2 Qc2 59.Qf4 Qc5 60.Rc7 e5 61.Rxc5 exf4 62.Rc8+ Kg7 63.Kg2 fxg3 64.fxg3 f5
65.Kf3 Bd6 66.Rc6 Be5 67.Re6 Bb8 68.Re3 Kf6 69.Rb3 Bd6 70.Ke2 Be5 71.Rf3 Bd6  1/2-1/2

[Event "6th EICC"]
[Site "Warsaw POL"]
[Date "2005.06.25"]
[Round "7"]
[White "Babula,V"]
[Black "Wells,P"]
[Result "1/2-1/2"]
[WhiteElo "2584"]
[BlackElo "2525"]

1.d4 Nf6 2.c4 e6 3.Nf3 b6 4.a3 Bb7 5.Nc3 d5 6.cxd5 Nxd5 7.Qc2 Nxc3 8.bxc3 Nd7
9.e4 c5 10.Bf4 cxd4 11.cxd4 Rc8 12.Qb3 Be7 13.Bd3 Nf6 14.Qb5+ Bc6 15.Qb1 O-O
16.O-O Qd7 17.Re1 Qb7 18.Ne5 Ba4 19.Qb2 Rfd8 20.Nf3 b5 21.Bd2 Qb6 22.Bb4 Bxb4
23.axb4 a5 24.Rac1 h6 25.h3 Nd7 26.Rb1 Ra8 27.Rec1 Rdc8 28.e5 Qd8 29.Be4 Rab8
30.Ne1 Nb6 31.bxa5 Nc4 32.Qb4 Nxa5 33.Nd3 Bc2 34.Ra1 Bxd3 35.Rxc8 Rxc8 36.Bxd3 Nc6
37.Qxb5 Nxd4 38.Qb7 Nc6 39.Rd1 Qf8 40.Ba6 Ne7 41.Rd7 Rb8 42.Qa7 Ra8  1/2-1/2

[Event "6th EICC"]
[Site "Warsaw POL"]
[Date "2005.06.27"]
[Round "9"]
[White "Babula,V"]
[Black "Mastrovasilis,A"]
[Result "1-0"]
[WhiteElo "2584"]
[BlackElo "2473"]

1.d4 Nf6 2.c4 e6 3.Nf3 b6 4.a3 c5 5.d5 Ba6 6.Qc2 exd5 7.cxd5 g6 8.Nc3 Bg7
9.g3 O-O 10.Bg2 d6 11.O-O Re8 12.Re1 b5 13.Bf4 Qb6 14.e4 Nbd7 15.e5 dxe5
16.Nxe5 Nxe5 17.Bxe5 Bb7 18.Rad1 Rad8 19.d6 Bxg2 20.Kxg2 Qc6+ 21.f3 c4 22.Qd2 Ne4
23.Rxe4 Bxe5 24.Qd5 Qxd5 25.Rxd5 Bxc3 26.Rxe8+ Rxe8 27.bxc3 a6 28.Kf2 Kf8
29.Rc5 f6 30.Rc6 Kf7 31.Rxa6 Ke6 32.a4 bxa4 33.Rxa4 Kd5 34.d7 Rd8 35.Ra1 Ke5
36.Re1+ Kd6 37.Re4 Kc5 38.Rd4 f5 39.Ke3 g5 40.g4 f4+ 41.Ke4  1-0

[Event "6th EICC"]
[Site "Warsaw POL"]
[Date "2005.06.28"]
[Round "10"]
[White "Kuljasevic,D"]
[Black "Ibrahimov,R"]
[Result "1/2-1/2"]
[WhiteElo "2408"]
[BlackElo "2511"]

1.d4 Nf6 2.Nf3 e6 3.c4 b6 4.a3 c5 5.d5 Ba6 6.Qc2 exd5 7.cxd5 g6 8.Nc3 Bg7
9.Bf4 O-O 10.Bd6 Re8 11.e3 Bxf1 12.Kxf1 Bf8 13.Bxf8 Kxf8 14.g3 d6 15.Kg2 Nbd7
16.Rhe1 a6 17.a4 Rb8 18.Rab1 Qc7 19.Qd3 c4 20.Qd4 Rbc8 21.Red1 Qc5 22.b4 cxb3
23.Rxb3 Qxd4 24.Rxd4 Rc5 25.Nd2 Ke7 26.Nde4 Nxe4 27.Rxe4+ Kf8 28.Rd4 Ke7
29.Re4+ Kf8 30.Rd4 Ke7  1/2-1/2

[Event "2nd RUS Pupils Summer Girls"]
[Site "Satka RUS"]
[Date "2005.06.29"]
[Round "3"]
[White "Savina,A"]
[Black "Malysheva,P"]
[Result "0-1"]
[WhiteElo "1984"]
[BlackElo "2301"]

1.d4 Nf6 2.c4 e6 3.Nf3 b6 4.a3 Ba6 5.Qc2 c5 6.d5 exd5 7.cxd5 g6 8.Nc3 Bg7
9.e4 Bxf1 10.Kxf1 d6 11.g3 O-O 12.Kg2 a6 13.a4 Re8 14.h3 Nbd7 15.Be3 Qc7
16.Nd2 Re7 17.Rhe1 Ne5 18.f4 Ned7 19.Bf2 Nh5 20.Nc4 Rb8 21.Kh2 Ree8 22.Ne2 Nhf6
23.Ng1 b5 24.axb5 axb5 25.Na5 Ra8 26.Nc6 Rxa1 27.Rxa1 Nxe4 28.Ra7 Qc8 29.Nf3 Kf8
30.Be1 Nb6 31.Qb3 Qf5 32.Qxb5 Nxd5 33.Qb7 Ng5  0-1

[Event "6th EICC"]
[Site "Warsaw POL"]
[Date "2005.06.29"]
[Round "11"]
[White "Babula,V"]
[Black "Pavlovic,Mi"]
[Result "1/2-1/2"]
[WhiteElo "2584"]
[BlackElo "2475"]

1.d4 Nf6 2.c4 e6 3.Nf3 b6 4.a3 Ba6 5.Qc2 Bb7 6.Nc3 c5 7.e4 cxd4 8.Nxd4 Bc5
9.Nb3 Nc6 10.Bg5 h6 11.Bh4 Nd4 12.Nxd4 Bxd4 13.Bd3 Qb8 14.Bg3 Be5 15.O-O-O O-O
16.Kb1 a6 17.Rhe1 b5 18.cxb5 axb5 19.Nxb5 Bc6 20.a4 Rc8 21.Rc1 Qb7 22.Qd1 Bxg3
23.hxg3 Bxe4 24.Rxc8+ Rxc8 25.Bxe4 Nxe4 26.f3 Nc5 27.Nd6 Qb4 28.Nxc8 Nxa4
29.Kc2 Qxb2+ 30.Kd3 Qa3+ 31.Kd2 Qb4+ 32.Ke3 Nb2 33.Qb1 Qc5+ 34.Ke2 Nc4 35.Qd3 Qxc8
36.Kf1 d5 37.Qd4 Qb8 38.Kf2 Qb6 39.Qxb6 Nxb6 40.g4 Nc4  1/2-1/2

[Event "6th EICC"]
[Site "Warsaw POL"]
[Date "2005.06.29"]
[Round "11"]
[White "Citak,S"]
[Black "Godlauskas,K"]
[Result "1-0"]
[WhiteElo "2351"]
[BlackElo "2193"]

1.d4 e6 2.Nf3 Nf6 3.c4 b6 4.a3 Bb7 5.Nc3 d5 6.Bg5 Be7 7.e3 O-O 8.cxd5 Nxd5
9.Bxe7 Qxe7 10.Rc1 Rc8 11.Be2 c5 12.O-O Nxc3 13.bxc3 Nc6 14.Bd3 Na5 15.Ne5 cxd4
16.exd4 Qg5 17.g3 h5 18.f4 Qh6 19.h4 Nc6 20.Qe2 Nxe5 21.fxe5 Rc7 22.Rf4 Rf8
23.c4 f5 24.exf6 Rxf6 25.Rcf1 Rcf7 26.Qe5 Rxf4 27.Rxf4 Rxf4 28.gxf4 Bc6 29.Qb8+ Kf7
30.Qc7+ Kf6 31.Qxc6 Qxf4 32.Qe4 Qc1+ 33.Kf2 Qxa3 34.Qg6+ Ke7 35.Qxg7+ Kd8
36.Qg8+ Ke7 37.Qh7+ Kd6 38.Qe4 Qb2+ 39.Kf3 a5 40.Qe5+ Kd7 41.Qb5+ Qxb5 42.cxb5 Kd6
43.Ke4  1-0

[Event "6th EICC"]
[Site "Warsaw POL"]
[Date "2005.06.30"]
[Round "12"]
[White "Swiercz,D"]
[Black "Godlauskas,K"]
[Result "0-1"]
[WhiteElo "2136"]
[BlackElo "2193"]

1.d4 e6 2.c4 Nf6 3.Nf3 b6 4.a3 Bb7 5.Nc3 d5 6.Bg5 Be7 7.Qa4+ c6 8.Bxf6 Bxf6
9.cxd5 exd5 10.g3 O-O 11.Bg2 Na6 12.O-O c5 13.e3 Qe7 14.Rad1 Rfd8 15.Rfe1 c4
16.Qc2 Rac8 17.h4 g6 18.Nd2 Bg7 19.Qa4 Qc7 20.Rc1 Qc6 21.Qxc6 Bxc6 22.g4 b5
23.Ra1 Nc7 24.f4 Na8 25.Nf3 a6 26.Ne5 Bb7 27.g5 f6 28.gxf6 Bxf6 29.h5 gxh5
30.Bf3 Rc7 31.Bxh5 Rg7+ 32.Kh2 Rd6 33.Ng4 Bh4 34.Rg1 Bc8 35.Kh3 Bf2 36.Rg2 Rh6
37.Rxf2 Bxg4+ 38.Kg2 Be2+  0-1

[Event "6th EICC"]
[Site "Warsaw POL"]
[Date "2005.06.30"]
[Round "12"]
[White "Krasenkow,M"]
[Black "Markus,R"]
[Result "0-1"]
[WhiteElo "2672"]
[BlackElo "2584"]

1.Nf3 Nf6 2.d4 e6 3.c4 b6 4.a3 Ba6 5.Qc2 Bb7 6.Nc3 c5 7.e4 cxd4 8.Nxd4 Bc5
9.Nf3 O-O 10.Bg5 h6 11.Bh4 Be7 12.Rd1 Nh5 13.Bxe7 Qxe7 14.g3 Nc6 15.Bg2 Nf6
16.O-O d6 17.Rfe1 Rac8 18.b3 Rfd8 19.Qb2 a6 20.h3 Qc7 21.Re3 Nd7 22.Qa2 Qb8
23.Nd4 Nc5 24.Nce2 Ba8 25.Nxc6 Bxc6 26.Nd4 Ba8 27.a4 Qc7 28.Qb2 Rb8 29.Qe2 Kh7
30.f4 Qe7 31.h4 e5 32.Nf5 Qf6 33.Qh5 Rd7 34.b4 Ne6 35.Rxd6 Rxd6 36.Nxd6 exf4
37.e5 Qg6 38.Qxg6+ fxg6 39.gxf4 Bxg2 40.Kxg2 Rf8 41.Rf3 a5 42.bxa5 bxa5 43.Kg3 Rb8
44.h5 gxh5 45.f5 Nd4 46.e6 h4+ 47.Kf4 Nc6 48.Ke4 Rb1 49.Kd5 Ne7+ 50.Kc5 Re1
51.Rh3 g5 52.f6 Ng6 53.e7 Nxe7 54.fxe7 Rxe7 55.Kb6 Kg6 56.c5 Re6 57.Rd3 g4
58.c6 Re7 59.c7 Rxc7 60.Kxc7 g3 61.Nc4 Kf5 62.Rf3+ Ke4 63.Nd2+ Ke5 64.Rf1 g2
65.Rg1 h3 66.Nf1 Kf4 67.Kd6 Kf3 68.Nh2+  0-1

[Event "Open A"]
[Site "Klatovy CZE"]
[Date "2005.07.03"]
[Round "2"]
[White "Stluka,F"]
[Black "Dolezal,R1"]
[Result "0-1"]
[WhiteElo "2121"]
[BlackElo "2390"]

1.d4 Nf6 2.c4 e6 3.Nf3 b6 4.a3 Be7 5.Nc3 Bb7 6.d5 exd5 7.cxd5 O-O 8.e4 Re8
9.Bd3 c6 10.O-O d6 11.b4 Bf8 12.Bb2 Nbd7 13.Qb3 cxd5 14.exd5 Ne5 15.Nxe5 dxe5
16.Bb5 Re7 17.Rfd1 Qd6 18.Rac1 e4 19.Bc6 Ng4 20.g3 Qh6 21.h4 e3 22.f4 Bxc6
23.dxc6 e2 24.Nxe2 Rxe2 25.c7 Ne3 26.Qd3 Rg2+ 27.Kh1 Rxg3 28.Rd2 Rh3+ 29.Kg1 Qxh4
30.Qe4 Rg3+ 31.Kf2 Qh2+  0-1

[Event "LXVIII ch-CRC"]
[Site "San Jose Julio CRC"]
[Date "2005.07.03"]
[Round "2"]
[White "Granados,C"]
[Black "Hernandez Basante,F"]
[Result "1/2-1/2"]
[WhiteElo "2225"]
[BlackElo "2265"]

1.d4 Nf6 2.Nf3 e6 3.c4 b6 4.a3 d5 5.Nc3 Bd6 6.Bg5 Bb7 7.cxd5 exd5 8.Ne5 O-O
9.e3 Re8 10.Ng4 Be7 11.Bxf6 Bxf6  1/2-1/2

[Event "4th Open"]
[Site "La Fere FRA"]
[Date "2005.07.04"]
[Round "3"]
[White "Zimmerman,Y"]
[Black "Gozzoli,Y"]
[Result "1-0"]
[WhiteElo "2375"]
[BlackElo "2444"]

1.d4 Nf6 2.c4 e6 3.Nf3 b6 4.a3 c5 5.d5 Ba6 6.e3 exd5 7.cxd5 Bxf1 8.Kxf1 g6
9.Nc3 d6 10.g3 Bg7 11.Kg2 O-O 12.Re1 Nbd7 13.e4 Ng4 14.Nd2 f5 15.exf5 gxf5
16.f4 Bxc3 17.bxc3 Qf6 18.Ne4 Qg7 19.Nxd6 Rad8 20.Ra2 Qg6 21.Nb5 Ndf6 22.c4 Rd7
23.Re6 Qh5 24.Kg1 a6 25.Nc3 b5 26.Be3 b4 27.Na4 Ne4 28.Rxe4 fxe4 29.Nxc5 b3
30.Qxb3 Rg7 31.Bd4 Rg6 32.Ne6 Rh6 33.Qd1 Rb8 34.Ng5 Rg6 35.h3 Rxg5 36.fxg5 Qxh3
37.Rg2 e3 38.d6 Nf2 39.Rxf2 exf2+ 40.Bxf2 Qf5 41.Qe2 Rd8 42.c5 Qd5 43.Qc2 Rf8
44.g6 h6 45.g7 Kxg7 46.Qc3+ Kg6 47.Qd4 Qxd4 48.Bxd4 Rd8 49.Be5 Kf5 50.c6  1-0

[Event "Open"]
[Site "Barbera del Valles ESP"]
[Date "2005.07.05"]
[Round "2"]
[White "Mirzoev,A"]
[Black "Vilela,JL"]
[Result "1/2-1/2"]
[WhiteElo "2550"]
[BlackElo "2394"]

1.d4 Nf6 2.Nf3 e6 3.c4 b6 4.a3 Ba6 5.e3 d5 6.Nbd2 Be7 7.Qa4+ Qd7 8.Qc2 O-O
9.cxd5 exd5 10.Ne5 Qe6 11.Bxa6 Nxa6 12.Qc6 Qxc6 13.Nxc6 Bd6 14.b4 Nb8 15.Nxb8 Rfxb8
16.Bb2 c6 17.Rc1 Rc8 18.Nb3 a5 19.bxa5 bxa5 20.Rc2 Rab8 21.Nc1 c5 22.dxc5 Rxc5
23.Rxc5 Bxc5 24.Nd3 Bxa3 25.Bxa3 Rb3 26.Bb2 Rxd3 27.Bxf6 gxf6 28.Ke2 Rb3
29.Ra1 Rb5 30.Ra4 Kf8  1/2-1/2

[Event "ch-NOR"]
[Site "Sandnes NOR"]
[Date "2005.07.05"]
[Round "4"]
[White "Nordahl,H"]
[Black "Johannessen,LE"]
[Result "0-1"]
[WhiteElo "2423"]
[BlackElo "2543"]

1.d4 Nf6 2.c4 e6 3.Nf3 b6 4.a3 Ba6 5.Qc2 Bb7 6.Nc3 c5 7.e4 cxd4 8.Nxd4 Bc5
9.Nb3 Nc6 10.Nxc5 bxc5 11.Be3 d6 12.Rd1 Qe7 13.Be2 O-O 14.O-O Rfd8 15.Rd2 Rab8
16.Rb1 Ba8 17.h3 h6 18.b3 a6 19.Qd3 a5 20.Qc2 Rd7 21.Rbd1 e5 22.Nd5 Nxd5
23.exd5 Nd4 24.Bxd4 exd4 25.Bf3 Rdb7 26.Re2 Qf6 27.Rde1 g6 28.Re8+ Kg7 29.Rxb8 Rxb8
30.Bd1 Bb7 31.a4 Qg5 32.Qe2 Bc8 33.Qe7 Qxe7 34.Rxe7 Bf5 35.Re2 g5 36.f3 Kf6
37.Kf2 Rb7 38.Re8 Bb1 39.Re2 d3 40.Rb2 Bc2 41.Rxc2 dxc2 42.Bxc2 Ke5 43.Ke3 f5
44.g4 f4+ 45.Kd3 h5 46.Kc3 hxg4 47.hxg4 Rb8 48.Bd3 Rh8 49.Be2 Rh7 50.Kd3 Kf6
51.Kd2 Re7 52.Bd1 Re3  0-1

[Event "Open A"]
[Site "Klatovy CZE"]
[Date "2005.07.06"]
[Round "5"]
[White "Volak,M"]
[Black "Trmal,J"]
[Result "1/2-1/2"]
[WhiteElo "2175"]
[BlackElo "2293"]

1.d4 Nf6 2.c4 e6 3.Nf3 b6 4.a3 Bb7 5.Nc3 d5 6.Bg5 Be7 7.Qc2 O-O 8.e3 Nbd7
9.Be2 h6 10.Bh4 a6 11.cxd5 exd5 12.O-O c5 13.dxc5 bxc5 14.Rfd1 Rc8 15.Qb3 Qb6
16.Qxb6 Nxb6 17.Ne5 Rfd8 18.Ng4 Rc6 19.Bf3 Kf8 20.Nxf6 Bxf6 21.Bxf6 Rxf6
22.b4 cxb4 23.axb4 Rfd6 24.Na4 Nxa4 25.Rxa4 Rb6 26.Be2 Rc8 27.Rda1 Rc2 28.Kf1 Rb2
29.Bxa6 Bc6 30.b5 R6xb5 31.Bxb5 Bxb5+ 32.Ke1 Bxa4 33.Rxa4  1/2-1/2

[Event "4th Open"]
[Site "La Fere FRA"]
[Date "2005.07.06"]
[Round "7"]
[White "Grooten,H"]
[Black "Vinsot,R"]
[Result "1-0"]
[WhiteElo "2376"]
[BlackElo "2077"]

1.d4 Nf6 2.c4 e6 3.Nf3 b6 4.a3 Ba6 5.Qc2 d5 6.cxd5 exd5 7.g3 Bd6 8.Bg5 O-O
9.Nc3 c6 10.Bxf6 Qxf6 11.Bg2 Re8 12.O-O Nd7 13.Rfe1 Qg6 14.e4 dxe4 15.Nxe4 Bf8
16.Bh3 Rad8 17.Bxd7 Rxd7 18.Ne5 Rxe5 19.dxe5 Bd3 20.Qd2 Qe6 21.Qf4 h6 22.Rad1 c5
23.g4 Be7 24.Kg2 Rd4 25.f3 Qb3 26.Qe3 Qxb2+ 27.Rd2 Qxa3 28.Kg3 Qb4 29.Red1 Ba6
30.Rxd4 cxd4 31.Qxd4 Qb3 32.Ra1 Bb7 33.Rxa7 Bh4+ 34.Kxh4 Qxf3 35.Nf2 g5+
36.Kh5 Bd5 37.Kxh6  1-0

[Event "VISUS Open"]
[Site "Prague CZE"]
[Date "2005.07.06"]
[Round "5"]
[White "Gregor,Ji"]
[Black "Cifka,S"]
[Result "1-0"]
[WhiteElo "2214"]
[BlackElo "2347"]

1.d4 Nf6 2.Nf3 e6 3.c4 b6 4.a3 Ba6 5.Qc2 Bb7 6.Nc3 c5 7.e4 cxd4 8.Nxd4 d6
9.Be2 Be7 10.Be3 Nbd7 11.O-O a6 12.Rac1 O-O 13.Rfd1 Qc7 14.f3 Rac8 15.Bf1 Qb8
16.Qf2 Bd8 17.g4 Ne5 18.g5 Nfd7 19.b3 Re8 20.Bh3 Nc5 21.Qe2 Nc6 22.Nxc6 Bxc6
23.Qc2 Be7 24.b4 Nd7 25.Qa2 Bf8 26.Ne2 Ba8 27.Ng3 b5 28.cxb5 axb5 29.Rxc8 Qxc8
30.Rc1 Qb7 31.Bf1 d5 32.exd5 Ne5 33.f4 Nf3+ 34.Kf2 exd5 35.Bc5 Nxh2 36.Bg2 Ng4+
37.Kg1 Bxc5+ 38.bxc5 Qc7 39.Qd2 Ne3 40.Qd4 Nxg2 41.Kxg2 g6 42.Kf2 Qe7 43.Kg2 Bc6
44.Rf1 Ra8 45.Rf2 Rxa3 46.Kh2 Qe3 47.Qxe3 Rxe3 48.Ne2 Re4 49.Nc1 Rc4 50.Nd3 Rc3
51.Rd2 Kg7 52.Kg1 d4 53.Ne5 Rxc5 54.Rxd4 Bd5 55.Nd3 Rc4 56.Rxd5 h6 57.Kf2 hxg5
58.fxg5 Rc7 59.Nc5 b4 60.Ne4 Kf8 61.Rb5 Ke7 62.Rxb4 Ke6 63.Ke3 Rc1 64.Rb6+ Ke5
65.Rb5+ Ke6 66.Nc5+ Kd6 67.Nd3 Rf1 68.Rb6+  1-0

[Event "34th TCh-GRE"]
[Site "Ermioni Argolidas GRE"]
[Date "2005.07.07"]
[Round "4"]
[White "Vragoteris,A"]
[Black "Nikolaidis,I"]
[Result "1/2-1/2"]
[WhiteElo "2333"]
[BlackElo "2522"]

1.d4 Nf6 2.c4 e6 3.Nf3 b6 4.a3 c5 5.d5 Ba6 6.Qc2 exd5 7.cxd5 g6 8.Nc3 Bg7
9.g3 O-O 10.Bg2 d6 11.O-O Nbd7 12.Bf4 Ne8 13.Rad1 b5 14.Ne4 Ndf6 15.b4 Nxe4
16.Qxe4 Nf6 17.Qb1 c4 18.Nd4 Qd7 19.a4 bxa4 20.b5 Rab8 21.Qb4 Rfd8 22.Nc6 Rxb5
23.Qxa4 Rb6 24.Be3 Ra8 25.Bxb6 axb6 26.Qb4 Qc7 27.Rb1 Nd7 28.Bh3 Nf6 29.Bg2 Nd7
30.Bh3 Nf6 31.Bg2  1/2-1/2

[Event "ch-NOR"]
[Site "Sandnes NOR"]
[Date "2005.07.07"]
[Round "6"]
[White "Fyllingen,R"]
[Black "Agdestein,S"]
[Result "1/2-1/2"]
[WhiteElo "2395"]
[BlackElo "2571"]

1.d4 Nf6 2.c4 e6 3.Nf3 b6 4.a3 Ba6 5.Qc2 Bb7 6.Nc3 c5 7.dxc5 Bxc5 8.b4 Be7
9.Bb2 a5 10.b5 d6 11.e3 Nbd7 12.Na4 Rc8 13.Bd3 O-O 14.O-O g6 15.Rac1 Rc7
16.e4 Qa8 17.Rfe1 d5 18.exd5 Bxd5 19.Be2 Rfc8 20.Qb3 Be4 21.Qe3 Ng4 22.Qf4 f5
23.h3 Ngf6 24.Qh6 Re8 25.Red1 Qb7 26.Ng5 Bf8 27.Qh4 Bxg2 28.Rxd7 Rxd7 29.Bxf6 Rd2
30.Re1 h6 31.Qg3 hxg5 32.Qxg2 Qxg2+ 33.Kxg2 Bxa3 34.Bf3 Rc2 35.Bc6 Rb8 36.Bd7 Kh7
37.Bxe6 Re8 38.Bc3 Bb4 39.Bxb4 axb4 40.Nxb6 b3 41.Na4 b2 42.Nxb2 Rxb2 43.Re3 Kg7
44.Kf3 Rh8 45.Kg2 Re8 46.Kf3 Kf6 47.Bd5 Rxe3+ 48.Kxe3 Ke5 49.Kf3 Rb3+ 50.Kg2 Rb4
51.Kf3 Rb3+ 52.Kg2 g4 53.hxg4 fxg4 54.Bf7 g5 55.Be8 Rb4 56.Bf7 Kf4 57.Bd5 Rb2
58.Kf1 g3 59.fxg3+ Kxg3 60.Bc6 Kf4 61.Bd7 Kf3 62.Bc6+ Ke3 63.Bd7 Rf2+ 64.Kg1 Rc2
65.Be6 Rb2 66.Bd7 Kd4 67.Be6 Ke5 68.Bd5 g4 69.Bc6 Kf4 70.Kf1 Rc2 71.Bd5 Rb2
72.Bc6 Rb4 73.Bd5 Rb1+ 74.Kg2 Rb2+ 75.Kf1 Kg3 76.Be6 Rb1+ 77.Ke2 Kf4 78.Bd5 g3
79.Bc6 Rb2+ 80.Kf1 Rc2 81.Bd5 Rc1+ 82.Kg2 Rc2+ 83.Kf1 Rb2 84.Bc6 Rf2+ 85.Kg1 Rc2
86.Bd5 g2 87.Bxg2 Rxc4 88.Bc6 Rc2 89.Kf1 Ke3 90.Kg1 Rb2 91.Kf1 Rf2+ 92.Kg1 Rf6
93.Kg2 Rg6+ 94.Kh3 Kf4 95.Kh2 Rd6 96.Kg2 Rd2+ 97.Kf1 Rc2 98.Ke1 Ke3 99.Kf1 Rb2
100.Kg1 Rf2 101.Bb7 Rb2 102.Bc6 Rxb5  1/2-1/2

[Event "ch-NOR"]
[Site "Sandnes NOR"]
[Date "2005.07.07"]
[Round "6"]
[White "Borchgrevink,H"]
[Black "Byklum,B"]
[Result "1/2-1/2"]
[WhiteElo "2259"]
[BlackElo "2283"]

1.d4 Nf6 2.Nf3 b6 3.c4 e6 4.a3 Bb7 5.Nc3 g6 6.Bg5 Bg7 7.h4 d6 8.Qc2 h6 9.Bf4 Nbd7
10.O-O-O a6 11.e4 Qe7 12.e5 dxe5 13.Nxe5 O-O 14.Bd3 c5 15.Nxd7 Nxd7 16.d5 e5
17.Be3 f5 18.f3 Qf6 19.Rdf1 b5 20.cxb5 axb5 21.Bxb5 Nb6 22.g4 Qd6 23.Rd1 e4
24.fxe4 f4 25.Bf2 Ra5 26.Bc6 Bxc6 27.dxc6 Qxc6 28.Nd5 Nxd5 29.Rxd5 Rc8 30.Be1 Ra4
31.Bc3 Bxc3 32.Qxc3 Rxe4 33.Rhd1 Qe6 34.Rd6 Qf7 35.Kb1 Re3 36.Qc2 Re6 37.Rd7 Qf6
38.h5 f3 39.hxg6 Qxg6 40.Rf1 Rf8 41.Qxg6+ Rxg6 42.Rd3 f2 43.Rd2 Rgf6 44.Kc2 Kg7
45.Rd5 Rf4 46.Rxc5 Rxg4 47.Kd2 Kg6 48.Rc3 h5 49.Ke2 Rgf4 50.Rg3+ Kh6  1/2-1/2

[Event "ch-NOR"]
[Site "Sandnes NOR"]
[Date "2005.07.08"]
[Round "7"]
[White "Nordahl,H"]
[Black "Tallaksen,G"]
[Result "1/2-1/2"]
[WhiteElo "2423"]
[BlackElo "2349"]

1.d4 Nf6 2.Nf3 e6 3.c4 b6 4.a3 Bb7 5.Nc3 d5 6.Bg5 Be7 7.Qa4+ Qd7 8.Qxd7+ Nbxd7
9.Nb5 Bd8 10.cxd5 Nxd5 11.Bxd8  1/2-1/2

[Event "16th Open"]
[Site "Ljubljana SLO"]
[Date "2005.07.12"]
[Round "6"]
[White "Jankovic,A"]
[Black "Roskar,R"]
[Result "1-0"]
[WhiteElo "2475"]
[BlackElo "2268"]

1.d4 Nf6 2.c4 e6 3.Nf3 b6 4.a3 Ba6 5.Qc2 Bb7 6.Nc3 c5 7.d5 exd5 8.cxd5 Nxd5
9.Bg5 Be7 10.Nb5 O-O 11.Nd6 Ne3 12.fxe3 Bxf3 13.exf3 Bxg5 14.Bc4 Nc6 15.Qe4 Qe7
16.Qxe7 Bxe7 17.O-O-O Bxd6 18.Rxd6 Rfd8 19.Rhd1 Kf8 20.Rxd7 Rxd7 21.Rxd7 Ne5
22.Bd5 Nxd7 23.Bxa8 Ke7 24.Bd5 Ne5 25.Kd2 Kd6 26.Ba2 f6 27.f4 Nc6 28.Bg8 h6
29.Bc4 Na5 30.Bb5 Kd5 31.Kd3 c4+ 32.Kc3 Ke4 33.Bxc4 Nxc4 34.Kxc4 g5 35.a4 Kxe3
36.f5 Kf4 37.Kb5 Kxf5 38.Ka6 Ke5 39.Kxa7 f5 40.b4 Kd4 41.b5 f4 42.a5 g4 43.axb6 f3
44.gxf3 gxf3 45.b7 f2 46.b8=Q f1=Q 47.b6 Qa1+ 48.Kb7 Qh1+ 49.Kc8 Qd5 50.Qc7 Qa8+
51.Kd7 Qa2 52.Qd6+  1-0